00695nam a2200241 a 4500001001300000003000900013005001700022008004100039020001000080082001700090100001900107245003800126260003700164300000900201500003500210505001000245650001400255700001900269902000800288942000700296952013300303999001700436nice12345678IN_TiNIC20260116013558.0050524s1990 hyda grp 000 0 eng  ac55000a954.84bKHA4 aKhan, Raza Ali aHyderabadb 400 Years (1591-1991) aHyderabadbZenith Servicesc1990 a303p aincludes index and biblioraphy2 aIndex aHyderabad1 aKhan, Raza Ali bSRS cBK 001040708StackRoom-aHMIbHMId2009-12-29g550.00l1m3o954.84 KHA4p019126r2017-10-31s2016-09-30v550.00w2005-05-24yBK c11539d11539